[Event "IRI-ch (Women)"]
[Site "Tehran"]
[Date "2024.06.02"]
[Round "11"]
[White "Azali, Tannaz"]
[Black "Imani, Adrina"]
[Result "1-0"]
[WhiteElo "2101"]
[BlackElo "1880"]
[PlyCount "77"]
[EventDate "2024.05.25"]
[EventType "tourn"]
[EventRounds "11"]
[EventCountry "IRI"]
[SourceTitle "CB23_2024"]
[SourceDate "2024.06.05"]
[SourceVersion "1"]
[SourceVersionDate "2024.06.05"]
[SourceQuality "1"]

1. d4 Nf6 2. c4 e6 3. Nc3 Bb4 4. Bd2 0-0 5. e3 d5 6. Nf3 b6 7. cxd5 exd5 8. Bd3 Bb7 9. 0-0 Bd6 10. Rc1 a6 11. Ne5 c5 12. f4 Nc6 13. Be1 cxd4 14. Nxc6 Bxc6 15. Ne2 Bb7 16. Nxd4 Bc5 17. Bc3 Re8 18. Rf3 Ne4 19. Bxe4 dxe4 20. Rg3 Bf8 21. Qh5 Bc8 22. Rd1 Qc7 23. Qg5 Qe7 24. Qd5 Bb7 25. Qh5 Bc8 26. f5 f6 27. Rh3 h6 28. Rg3 Qf7 29. Qxh6 Bd6 30. Rg4 Bc5 31. Rf1 Re5 32. Ne6 Rxe6 33. fxe6 Bxe6 34. Rg3 Bd6 35. Rg6 Be7 36. Bxf6 Bxf6 37. Rfxf6 Qxf6 38. Rxf6 gxh6 39. Rxe6 1-0

[Event "IRI-ch (Women)"]
[Site "Tehran"]
[Date "2024.06.01"]
[Round "10"]
[White "Hamedi Nia, Vesal"]
[Black "Azali, Tannaz"]
[Result "0-1"]
[WhiteElo "1927"]
[BlackElo "2101"]
[PlyCount "82"]
[EventDate "2024.05.25"]
[EventType "tourn"]
[EventRounds "11"]
[EventCountry "IRI"]
[SourceTitle "CB23_2024"]
[SourceDate "2024.06.05"]
[SourceVersion "1"]
[SourceVersionDate "2024.06.05"]
[SourceQuality "1"]

1. c4 Nf6 2. Nc3 e6 3. e4 d5 4. e5 d4 5. exf6 dxc3 6. bxc3 Qxf6 7. Nf3 e5 8. Bd3 Bd6 9. 0-0 0-0 10. Be4 Nc6 11. Qc2 h6 12. Rb1 Re8 13. Re1 Bc5 14. Re2 Bg4 15. h3 Bd7 16. Rxb7 Bb6 17. c5 Bc8 18. cxb6 Bxb7 19. bxc7 Rac8 20. Qa4 Qd6 21. Ba3 Qxc7 22. Bc5 Na5 23. Bb4 Bxe4 24. Bxa5 Bc6 25. Bxc7 Bxa4 26. Bd6 f6 27. Re1 Red8 28. Bb4 Bc6 29. Nh4 Rxd2 30. Nf5 Kh7 31. a4 Bxa4 32. Ra1 Rd1+ 33. Rxd1 Bxd1 34. Nd6 Rc6 35. c4 a5 36. Ba3 Rb6 37. Bc5 Rb1 38. Kh2 Be2 39. Ba3 Rb3 40. Bc1 a4 41. c5 a3 0-1

[Event "IRI-ch (Women)"]
[Site "Tehran"]
[Date "2024.05.30"]
[Round "7"]
[White "Asgharzadeh, Mitra"]
[Black "Azali, Tannaz"]
[Result "0-1"]
[WhiteElo "2019"]
[BlackElo "2101"]
[PlyCount "92"]
[EventDate "2024.05.25"]
[EventType "tourn"]
[EventRounds "11"]
[EventCountry "IRI"]
[SourceTitle "CB23_2024"]
[SourceDate "2024.06.05"]
[SourceVersion "1"]
[SourceVersionDate "2024.06.05"]
[SourceQuality "1"]

1. e4 c5 2. Nf3 Nc6 3. d3 d6 4. g3 g6 5. Bg2 Bg7 6. 0-0 Nf6 7. h3 0-0 8. c3 e5 9. a3 d5 10. Nbd2 b6 11. Re1 d4 12. c4 Rb8 13. Nh4 Bd7 14. Rf1 a6 15. Qe1 Nh5 16. f4 exf4 17. gxf4 Bh6 18. Nb3 a5 19. f5 Bxc1 20. Nxc1 Ne5 21. Nf3 f6 22. Qh4 b5 23. fxg6 hxg6 24. Nxe5 fxe5 25. Qxd8 Rfxd8 26. Nb3 bxc4 27. Nxc5 Nf4 28. Rf2 cxd3 29. Bf1 Bb5 30. a4 Rdc8 31. axb5 Rxc5 32. Rxf4 exf4 33. Bxd3 Rg5+ 34. Kf2 Rg3 35. Bc4+ Kg7 36. Rxa5 Rxh3 37. Ra7+ Kh6 38. Rd7 g5 39. Rd6+ Kg7 40. Rxd4 g4 41. Rd7+ Kf6 42. b3 Rh2+ 43. Kg1 Rbh8 44. Rf7+ Ke5 45. Rf5+ Kxe4 46. Rg5 Rh1+ 0-1

[Event "Titled Tuesday intern op 16th Apr Early"]
[Site "Chess.com INT"]
[Date "2024.04.16"]
[Round "6"]
[White "Azali, Tannaz"]
[Black "Modric, Nesa"]
[Result "1-0"]
[WhiteElo "2101"]
[BlackElo "2128"]
[PlyCount "87"]
[EventDate "2024.04.16"]
[EventType "swiss (blitz)"]
[EventRounds "11"]
[EventCountry "USA"]
[SourceTitle "CB17_2024"]
[SourceDate "2024.04.24"]
[SourceVersion "1"]
[SourceVersionDate "2024.04.24"]
[SourceQuality "1"]

1. e4 d5 2. exd5 Qxd5 3. Nf3 Bg4 4. Nc3 Qe6+ 5. Qe2 Qxe2+ 6. Bxe2 Nc6 7. h3 Bh5 8. g4 Bg6 9. Bb5 a6 10. Bxc6+ bxc6 11. d3 h5 12. g5 e6 13. Ne5 Ne7 14. Be3 f6 15. Nxg6 Nxg6 16. 0-0-0 Bb4 17. Ne4 f5 18. Nd2 Bxd2+ 19. Bxd2 Kf7 20. Rde1 Rhd8 21. Re2 Rd5 22. f4 e5 23. fxe5 Rxe5 24. Rf2 Ne7 25. Bf4 Ra5 26. a3 Nd5 27. Bd2 Ra4 28. Rxf5+ Ke6 29. Rf3 g6 30. Re1+ Kd7 31. Rf7+ Kc8 32. Re8+ Kb7 33. Rxa8 Kxa8 34. Rg7 Rh4 35. Rxg6 Rxh3 36. c4 Rh1+ 37. Kc2 Ne7 38. Rg7 Nf5 39. Rxc7 h4 40. g6 Rg1 41. Rf7 Nd4+ 42. Kc3 c5 43. Be3 Ne2+ 44. Kd2 1-0

[Event "Titled Tuesday intern op 16th Apr Early"]
[Site "Chess.com INT"]
[Date "2024.04.16"]
[Round "8"]
[White "Azali, Tannaz"]
[Black "Zavgorodniy, Sergiy"]
[Result "0-1"]
[WhiteElo "2101"]
[BlackElo "2379"]
[PlyCount "72"]
[EventDate "2024.04.16"]
[EventType "swiss (blitz)"]
[EventRounds "11"]
[EventCountry "USA"]
[SourceTitle "CB17_2024"]
[SourceDate "2024.04.24"]
[SourceVersion "1"]
[SourceVersionDate "2024.04.24"]
[SourceQuality "1"]

1. e4 c6 2. d4 d5 3. f3 dxe4 4. fxe4 e5 5. Nf3 Bg4 6. Bc4 Nd7 7. 0-0 Ngf6 8. c3 b5 9. Bb3 Bd6 10. Bg5 Qc7 11. Nbd2 0-0 12. Kh1 Rae8 13. Qe1 Bh5 14. Qh4 Bg6 15. Rae1 c5 16. d5 c4 17. Bc2 Nh5 18. a4 a6 19. Qh3 Nc5 20. axb5 axb5 21. Nh4 Nf4 22. Bxf4 exf4 23. Nxg6 fxg6 24. Nf3 Be5 25. Ra1 h6 26. Qg4 Kh7 27. Rfd1 Ra8 28. Rxa8 Rxa8 29. d6 Bxd6 30. e5 Bxe5 31. Qxg6+ Kg8 32. Qh7+ Kf7 33. Qf5+ Bf6 34. Qg6+ Kf8 35. Qh7 Rd8 36. Re1 Nd3 0-1

[Event "Titled Tuesday intern op 13th Feb Early"]
[Site "Chess.com INT"]
[Date "2024.02.13"]
[Round "4"]
[White "Van Baar, Esper"]
[Black "Azali, Tannaz"]
[Result "0-1"]
[WhiteElo "2208"]
[BlackElo "2101"]
[PlyCount "90"]
[EventDate "2024.02.13"]
[EventType "swiss (blitz)"]
[EventRounds "11"]
[EventCountry "USA"]
[SourceTitle "CB08_2024"]
[SourceDate "2024.02.21"]
[SourceVersion "1"]
[SourceVersionDate "2024.02.21"]
[SourceQuality "1"]

1. Nf3 Nf6 2. g3 d5 3. Bg2 c5 4. d4 Nc6 5. 0-0 e6 6. c4 dxc4 7. Qa4 a6 8. dxc5 Bxc5 9. Qxc4 Qe7 10. Bf4 b5 11. Qc1 Bb7 12. Ne5 Rc8 13. Nxc6 Bxc6 14. Bxc6+ Rxc6 15. Qd1 0-0 16. Nd2 Rd8 17. Rc1 Rcc8 18. Qb3 e5 19. Be3 Bxe3 20. Qxe3 Rxc1 21. Rxc1 h6 22. Ne4 Nd5 23. Qc5 Qxc5 24. Nxc5 Rd6 25. Kf1 Kf8 26. Ke1 Ke7 27. a3 Rc6 28. Nd3 Rxc1+ 29. Nxc1 Kd6 30. Kd2 e4 31. Na2 f5 32. Nc3 Nb6 33. b3 Ke5 34. Ke3 g5 35. f4+ exf3 36. exf3 Nd5+ 37. Nxd5 Kxd5 38. Kd3 h5 39. b4 Ke5 40. Ke3 Kd5 41. Kd3 g4 42. f4 Kc6 43. Kd4 Kd6 44. Ke3 Ke6 45. Kd3 Kd5 0-1

[Event "Titled Tuesday intern op 19th Dec Early"]
[Site "Chess.com INT"]
[Date "2023.12.19"]
[Round "6"]
[White "Azali, Tannaz"]
[Black "Viana, Valeria"]
[Result "1/2-1/2"]
[WhiteElo "2099"]
[BlackElo "1834"]
[PlyCount "111"]
[EventDate "2023.12.19"]
[EventType "swiss (blitz)"]
[EventRounds "11"]
[EventCountry "USA"]
[SourceTitle "CB52_2023"]
[SourceDate "2023.12.27"]
[SourceVersion "1"]
[SourceVersionDate "2023.12.27"]
[SourceQuality "1"]

1. d4 Nf6 2. c4 e6 3. Nc3 Bb4 4. f3 0-0 5. a3 Bxc3+ 6. bxc3 b6 7. e4 d6 8. Bd3 c5 9. Ne2 Nc6 10. 0-0 Ba6 11. f4 Nd7 12. f5 Na5 13. fxe6 fxe6 14. Rxf8+ Qxf8 15. Nf4 Qe7 16. Qe2 Rf8 17. Be3 cxd4 18. cxd4 e5 19. Nd5 Qd8 20. Rc1 exd4 21. Bxd4 Nb3 22. Qb2 Nxd4 23. Qxd4 Ne5 24. Bf1 Qg5 25. Qd1 Bc8 26. Rc3 Bg4 27. Be2 Bxe2 28. Qxe2 Kh8 29. h3 Qh4 30. a4 Rc8 31. a5 bxa5 32. Rc1 Qg5 33. Qc2 Qg3 34. Qf2 Qxf2+ 35. Kxf2 Rxc4 36. Ra1 Rxe4 37. Rxa5 h6 38. Rxa7 Rd4 39. Ne3 Rd2+ 40. Kg3 d5 41. Ra8+ Kh7 42. Rd8 Rd3 43. Kf2 Kg6 44. Rxd5 Rxd5 45. Nxd5 Kf5 46. Kg3 g5 47. Ne3+ Kf6 48. Ng4+ Nxg4 49. Kxg4 Kg6 50. Kg3 Kf5 51. Kf3 h5 52. g3 Ke5 53. Ke3 Kf5 54. Kf3 Ke5 55. Ke3 Kf5 56. Kf3 1/2-1/2

[Event "Titled Tuesday intern op 19th Dec Early"]
[Site "Chess.com INT"]
[Date "2023.12.19"]
[Round "2"]
[White "Franchini, Gabriele"]
[Black "Azali, Tannaz"]
[Result "0-1"]
[WhiteElo "2173"]
[BlackElo "2099"]
[PlyCount "58"]
[EventDate "2023.12.19"]
[EventType "swiss (blitz)"]
[EventRounds "11"]
[EventCountry "USA"]
[SourceTitle "CB52_2023"]
[SourceDate "2023.12.27"]
[SourceVersion "1"]
[SourceVersionDate "2023.12.27"]
[SourceQuality "1"]

1. e4 c5 2. Nc3 e6 3. f4 d5 4. Nf3 Nf6 5. e5 Nfd7 6. d4 Nc6 7. Ne2 cxd4 8. Nexd4 Bc5 9. Be3 Qb6 10. Be2 Qxb2 11. 0-0 Qb6 12. Rb1 Qd8 13. f5 Nxd4 14. Bxd4 Bxd4+ 15. Qxd4 0-0 16. Bd3 exf5 17. Nh4 Nxe5 18. Nxf5 Bxf5 19. Bxf5 Nc6 20. Qd3 g6 21. Bh3 Rb8 22. g3 Qg5 23. Bg2 Rfd8 24. Rb5 Ne7 25. Re1 a6 26. Rc5 Rd7 27. Qb3 Rbd8 28. h3 Qd2 29. Rf1 Qd4+ 0-1

[Event "Antwerp World Uni op (Women)"]
[Site "Antwerp"]
[Date "2022.09.17"]
[Round "9"]
[White "Terbe, Zsuzsanna"]
[Black "Azali, Tannaz"]
[Result "1/2-1/2"]
[WhiteElo "2196"]
[BlackElo "2061"]
[PlyCount "121"]
[EventDate "2022.09.12"]
[EventType "swiss"]
[EventRounds "9"]
[EventCountry "BEL"]
[SourceTitle "CBM 210 Extra"]
[Source "ChessBase"]
[SourceDate "2022.11.30"]
[SourceVersion "1"]
[SourceVersionDate "2022.11.30"]
[SourceQuality "1"]

1. Nf3 Nf6 2. d4 e6 3. g3 b5 4. Bg2 Bb7 5. a4 b4 6. c4 c5 7. 0-0 cxd4 8. Qxd4 Nc6 9. Qd3 Be7 10. e4 d6 11. b3 0-0 12. Bb2 Nd7 13. Nbd2 Nc5 14. Qe3 e5 15. Rfd1 Qb8 16. Rac1 h6 17. Ne1 Bd8 18. Nd3 Bg5 19. f4 Nxd3 20. Qxd3 exf4 21. h4 Be7 22. gxf4 Bxh4 23. Qh3 Bd8 24. Qg3 f6 25. Nf3 Bb6+ 26. Kh1 Qe8 27. Nh4 Nd8 28. Rxd6 Ne6 29. e5 Bxg2+ 30. Kxg2 fxe5 31. Bxe5 Nxf4+ 32. Bxf4 Qe4+ 33. Nf3 Rxf4 34. Re1 Qc2+ 35. Rd2 Qf5 36. Re5 Qf6 37. Rd7 Rf8 38. Ree7 Qb2+ 39. Kh3 R4f7 40. Ne5 Rxe7 41. Rxe7 g5 42. Ng4 Qc3 43. Nxh6+ Kh8 44. Nf7+ Kg8 45. Nh6+ Kh8 46. Nf7+ Kg8 47. Nxg5 Qxg3+ 48. Kxg3 Bd8 49. Rxa7 Bxg5 50. Rb7 Bd2 51. a5 Ra8 52. Rb5 Kf7 53. Kf3 Ke6 54. Ke4 Bc3 55. Rb6+ Kd7 56. a6 Re8+ 57. Kd3 Re5 58. Rb5 Rxb5 59. cxb5 Kc7 60. a7 Kb7 61. b6 1/2-1/2

[Event "Antwerp World Uni op (Women)"]
[Site "Antwerp"]
[Date "2022.09.16"]
[Round "8"]
[White "Azali, Tannaz"]
[Black "Tomasi, Elise"]
[Result "1/2-1/2"]
[WhiteElo "2061"]
[BlackElo "2003"]
[PlyCount "101"]
[EventDate "2022.09.12"]
[EventType "swiss"]
[EventRounds "9"]
[EventCountry "BEL"]
[SourceTitle "CBM 210 Extra"]
[Source "ChessBase"]
[SourceDate "2022.11.30"]
[SourceVersion "1"]
[SourceVersionDate "2022.11.30"]
[SourceQuality "1"]

1. d4 d5 2. c4 dxc4 3. e4 b5 4. a4 c6 5. axb5 cxb5 6. Nc3 Qb6 7. Nd5 Qb7 8. Bf4 e5 9. Bxe5 Nd7 10. Bf4 Ngf6 11. Nc7+ Kd8 12. Nxa8 Qxe4+ 13. Ne2 Qxa8 14. Qd2 b4 15. Ng3 Nb6 16. Be2 Qxg2 17. Rxa7 Bb7 18. f3 Kc8 19. Bd1 Qxd2+ 20. Bxd2 Nfd5 21. 0-0 g6 22. Ne2 Bg7 23. Ra1 Kb8 24. Be1 f5 25. Bg3+ f4 26. Nxf4 Bxd4+ 27. Kh1 Nxf4 28. Bxf4+ Kc8 29. Bd6 Nd5 30. Be2 Bxb2 31. Bxc4 Bxa1 32. Rxa1 Kd7 33. Bxd5 Bxd5 34. Bxb4 Bxf3+ 35. Kg1 Ke6 36. Kf2 Be4 37. Kg3 Rb8 38. Bd2 Bf5 39. Re1+ Kf7 40. Bg5 Rb3+ 41. Re3 Rb4 42. h4 Rg4+ 43. Kf3 h6 44. Bxh6 Rxh4 45. Bg5 Ra4 46. Re7+ Kf8 47. Rc7 Ra1 48. Kf4 Rf1+ 49. Ke5 Re1+ 50. Kf4 Re4+ 51. Kf3 1/2-1/2

[Event "Antwerp World Uni blitz op (Women)"]
[Site "Antwerp"]
[Date "2022.09.14"]
[Round "4"]
[White "Azali, Tannaz"]
[Black "Avramidou, Anastasia"]
[Result "1/2-1/2"]
[WhiteElo "1749"]
[BlackElo "2183"]
[PlyCount "102"]
[EventDate "2022.09.14"]
[EventType "swiss (blitz)"]
[EventRounds "9"]
[EventCountry "BEL"]
[SourceTitle "CBM 210 Extra"]
[Source "ChessBase"]
[SourceDate "2022.11.30"]
[SourceVersion "1"]
[SourceVersionDate "2022.11.30"]
[SourceQuality "1"]

1. d4 Nf6 2. c4 g6 3. h4 d6 4. Nc3 c5 5. d5 Bg7 6. e4 b5 7. cxb5 a6 8. Nf3 h5 9. a4 0-0 10. Be2 axb5 11. Bxb5 Ba6 12. Bxa6 Nxa6 13. Bg5 Rb8 14. Qe2 Qa5 15. 0-0 Nc7 16. Rfd1 Rxb2 17. Qxb2 Nxe4 18. Qb7 Nxc3 19. Bd2 Qa6 20. Qxc7 Nxd1 21. Rxd1 Qxa4 22. Re1 Qc4 23. Bg5 Qxd5 24. Bxe7 Re8 25. Qxd6 Qxd6 26. Bxd6 Rc8 27. Rc1 c4 28. Be5 Bf8 29. Nd2 Bh6 30. Rxc4 Re8 31. Nf3 Ra8 32. Rb4 f6 33. Rb8+ Rxb8 34. Bxb8 Kf7 35. Kf1 Ke6 36. Ke2 Kf5 37. g3 g5 38. hxg5 fxg5 39. Nd4+ Kg4 40. f3+ Kh3 41. Nf5 Bf8 42. Be5 Bc5 43. Ng7 h4 44. g4 Be7 45. Nf5 Bd8 46. Nd6 Kg2 47. Nf7 Be7 48. f4 gxf4 49. Bxf4 h3 50. Nh6 h2 51. Bxh2 Kxh2 1/2-1/2

[Event "Antwerp World Uni blitz op (Women)"]
[Site "Antwerp"]
[Date "2022.09.14"]
[Round "2"]
[White "Azali, Tannaz"]
[Black "Djidjeli, Sarah"]
[Result "1/2-1/2"]
[WhiteElo "1749"]
[BlackElo "1910"]
[PlyCount "50"]
[EventDate "2022.09.14"]
[EventType "swiss (blitz)"]
[EventRounds "9"]
[EventCountry "BEL"]
[SourceTitle "CBM 210 Extra"]
[Source "ChessBase"]
[SourceDate "2022.11.30"]
[SourceVersion "1"]
[SourceVersionDate "2022.11.30"]
[SourceQuality "1"]

1. d4 Nf6 2. c4 b6 3. Nc3 Bb7 4. f3 d5 5. cxd5 Nxd5 6. e4 Nxc3 7. bxc3 e5 8. d5 Bc5 9. Ne2 c6 10. c4 0-0 11. Ng3 b5 12. Rb1 a6 13. Nf5 Nd7 14. Be3 cxd5 15. Bxc5 Nxc5 16. cxd5 Na4 17. Qd2 Rc8 18. Bd3 Qb6 19. Ne7+ Kh8 20. Nxc8 Rxc8 21. Qf2 Qa5+ 22. Qd2 Qb6 23. Qf2 Qa5+ 24. Qd2 Qb6 25. Qf2 Qa5+ 1/2-1/2

[Event "Antwerp World Uni blitz op (Women)"]
[Site "Antwerp"]
[Date "2022.09.14"]
[Round "9"]
[White "Vanduyfhuys, Daria"]
[Black "Azali, Tannaz"]
[Result "1/2-1/2"]
[WhiteElo "1784"]
[BlackElo "1749"]
[PlyCount "83"]
[EventDate "2022.09.14"]
[EventType "swiss (blitz)"]
[EventRounds "9"]
[EventCountry "BEL"]
[SourceTitle "CBM 210 Extra"]
[Source "ChessBase"]
[SourceDate "2022.11.30"]
[SourceVersion "1"]
[SourceVersionDate "2022.11.30"]
[SourceQuality "1"]

1. d4 Nf6 2. c4 e6 3. Nf3 d5 4. Nc3 Bb4 5. e3 0-0 6. Bd3 dxc4 7. Bxc4 c5 8. 0-0 cxd4 9. Nxd4 a6 10. a3 Bxc3 11. bxc3 b5 12. Bd3 Bb7 13. a4 bxa4 14. Rxa4 Nbd7 15. f3 Nc5 16. Ra1 Nxd3 17. Qxd3 e5 18. Qb1 Rb8 19. Nc2 Bd5 20. Bb2 Qb6 21. Ba3 Qc7 22. Qe1 Rfc8 23. Bb4 h6 24. e4 Bc4 25. Rf2 Nh5 26. Ne3 Nf4 27. Rd2 Qa7 28. Kh1 Nd3 29. Qg1 Nxb4 30. cxb4 Rxb4 31. Nxc4 Qxg1+ 32. Kxg1 Rcxc4 33. Rxa6 Rb7 34. Ra8+ Kh7 35. Kf2 Kg6 36. Ra6+ f6 37. Rad6 Rbc7 38. Kg3 h5 39. h4 Rc2 40. Kf2 R2c3 41. Kg3 Rc2 42. Kf2 1/2-1/2

[Event "IRI-ch (Women)"]
[Site "Kermanshah"]
[Date "2022.03.07"]
[Round "11"]
[White "Heydari, Maryam"]
[Black "Azali, Tannaz"]
[Result "0-1"]
[WhiteElo "1684"]
[BlackElo "2100"]
[PlyCount "58"]
[EventDate "2022.02.28"]
[EventType "tourn"]
[EventRounds "11"]
[EventCountry "IRI"]
[SourceTitle "EXT 2023"]
[Source "ChessBase"]
[SourceDate "2022.10.05"]
[SourceVersion "1"]
[SourceVersionDate "2022.10.05"]
[SourceQuality "1"]

1. e4 c5 2. Nc3 e6 3. f4 d5 4. Bb5+ Bd7 5. Bxd7+ Qxd7 6. exd5 exd5 7. d3 Nf6 8. Nf3 Nc6 9. Qe2+ Be7 10. Bd2 0-0 11. Ne5 Nxe5 12. fxe5 Ne8 13. 0-0-0 b5 14. h4 b4 15. Nb1 Nc7 16. Bg5 Rae8 17. Nd2 Ne6 18. Bxe7 Rxe7 19. Rdf1 Qa4 20. Kb1 Nd4 21. Qd1 Rxe5 22. Nf3 Nxf3 23. Rxf3 Re6 24. b3 Qa5 25. Rf5 Ra6 26. Rxd5 Qxa2+ 27. Kc1 Qa1+ 28. Kd2 Qc3+ 29. Ke3 Rf6 0-1